NBA MVP Speedrun - Statistics

General Stats
  • This quiz has been taken 1,188 times
  • The average score is 19 of 35
Answer Stats
MVP % Correct
LeBron James
94%
Nikola Jokic
91%
Michael Jordan
89%
Stephen Curry
84%
Giannis Antetokounmpo
81%
James Harden
80%
Kobe Bryant
80%
Russell Westbrook
80%
Kevin Durant
78%
Shaquille O'Neal
71%
Kareem Abdul-Jabbar
64%
Tim Duncan
61%
Larry Bird
60%
Magic Johnson
60%
Steve Nash
60%
Wilt Chamberlain
59%
Bill Russell
53%
Derrick Rose
53%
Karl Malone
52%
Moses Malone
52%
Hakeem Olajuwon
51%
Dirk Nowitzki
50%
Allen Iverson
48%
Kevin Garnett
44%
David Robinson
40%
Charles Barkley
38%
Bob Pettit
32%
Bob Cousy
30%
Oscar Robertson
24%
Julius Erving
23%
Bill Walton
19%
Bob McAdoo
19%
Dave Cowens
18%
Wes Unseld
18%
Willis Reed
16%
No matching quizzes found
Score Distribution
Percent of People with Each Score
Percentile by Number Answered
Your Score History
You have not taken this quiz